书目信息 |
| 题名: |
能源金三角
|
|
| 作者: | 赵铁军 著 | |
| 分册: | ||
| 出版信息: | 北京 光明日报出版社 2012.8 |
|
| 页数: | 160页 | |
| 开本: | 24cm | |
| 丛书名: | ||
| 单 册: | ||
| 中图分类: | F127.423 | |
| 科图分类: | ||
| 主题词: | 区域经济--经济可持续发展--研究--庆阳 , 区域经济 , 经济可持续发展 | |
| 电子资源: | ||
| ISBN: | 978-7-5112-2995-3 | |
| 000 | 01115nam0 22002891 450 | |
| 001 | 524 | |
| 005 | 20140908162159.95 | |
| 010 | @a978-7-5112-2995-3@dCNY33.00 | |
| 100 | @a20131128d2012 em y0chiy50 ea | |
| 101 | 0 | @achi |
| 102 | @aCN@b110000 | |
| 105 | @aa z 000yy | |
| 106 | @ar | |
| 200 | 1 | @a能源金三角@ANeng Yuan Jin San Jiao@dTo establish energy golden triangle@e同构西北经济增长极@ETong Gou Xi Bei Jing Ji Zeng Chang Ji@f赵铁军著@FZhao Tie Jun Zhu@zeng |
| 210 | @a北京@c光明日报出版社@d2012.8 | |
| 215 | @a160页@c图@d24cm | |
| 300 | @a陇东学院学术出版基金资助 | |
| 330 | @a本书从城市群发展的视角分析了作为“蒙陕甘宁能源金三角”几何中心的庆阳如何从区域几何中心发展成为区域服务和经济发展中心需要解决的几个问题。 | |
| 510 | 1 | @aTo establish energy golden triangle@zeng |
| 517 | 1 | @a同构西北经济增长极@ATong Gou Xi Bei Jing Ji Zeng Chang Ji |
| 606 | 0 | @a区域经济@x经济可持续发展@x研究@y庆阳 |
| 606 | 0 | @a区域经济 |
| 606 | 0 | @a经济可持续发展 |
| 690 | @aF127.423@v5 | |
| 701 | 0 | @a赵铁军@AZhao Tie Jun@g(教师)@4著 |
| 801 | 0 | @aCN@bTANGWEI@c20140603 |
| 905 | @b0837225-27@dF127.423@e225@f3 | |
| 能源金三角=To establish energy golden triangle:同构西北经济增长极/赵铁军著.-北京:光明日报出版社,2012.8 |
| 160页:图;24cm |
| 陇东学院学术出版基金资助 |
| ISBN 978-7-5112-2995-3:CNY33.00 |
| 本书从城市群发展的视角分析了作为“蒙陕甘宁能源金三角”几何中心的庆阳如何从区域几何中心发展成为区域服务和经济发展中心需要解决的几个问题。 |
| ● |
| 相关链接 |
|
|
|
|
正题名:能源金三角
索取号:F127.423/225
 
预约/预借
| 序号 | 登录号 | 条形码 | 馆藏地/架位号 | 状态 | 备注 |
| 1 | 0837225 | 208372250 | 第一样本阅览室/ [索取号:F127.423/225] | 在馆 | |
| 2 | 0837226 | 208372269 | 密集书库-海洋学院/ [索取号:F127.423/225] | 在馆 | |
| 3 | 0837227 | 208372278 | 第一借阅区/ [索取号:F127.423/225] | 在馆 |